| 000 | 01240nam a22002655 4500 | ||
|---|---|---|---|
| 001 | 190524 | ||
| 003 | SpMaBN | ||
| 005 | 20240116122841.0 | ||
| 008 | 210818s1992 sp ac s000 0dspa | ||
| 080 | _a7.036(460)(064.3) | ||
| 245 | 0 | 0 |
_aCriaturas misteriosas : _b[Sala de Exposiciones "la Caixa", Madrid, noviembre-diciembre 1992] / _cidea y organización, Institut de Recerca per l'Ensenyament de la Filosofia, IREF ; [dirección y textos, Eulàlia Bosch]. |
| 260 |
_aBarcelona : _bIREF, _c[1992] |
||
| 300 |
_a83 p. : _bil. col. y n., retr. ; _c29 x 31 cm. |
||
| 505 | 8 | _aContiene: Miquel Barceló, Robert Llimós, Susana Solano, Javier Mariscal, Rosa Amorós, Chelo Sastre, Jaume Plensa | |
| 650 | 7 |
_aArte español- _yS.XX- _vExposiciones. _910206 |
|
| 650 | 4 |
_aArte- _zCataluña- _yS.XX- _vExposiciones. _9138262 |
|
| 655 | 7 |
_2tgfbne _9193628 _aCatálogos de exposiciones |
|
| 700 | 1 |
_aBosch, Eulàlia ( _d1949-) _930637 |
|
| 710 | 2 |
_aInstitut de Recerca per l'Ensenyament de la Filosofia. _9173321 |
|
| 710 | 2 |
_aFundació "la Caixa" _9173255 |
|
| 852 | 4 |
_aES-MaACL _jA-14729 _9197702 _bR.151986 _cDEPO1 _dOlim: N-7729 _hDonación: Editorial |
|
| 942 |
_2udc _cMONOGRAFIA |
||
| 999 |
_c190524 _d190524 |
||